000 01332cam a22003011i 4500
003 SA-RiAUC
005 20250801162918.0
008 250729s2011____su g 000 0 ara c
020 _a9786039017028
040 _aSA-RiIMS
_bara
_cSA-RiAUC
_erda
043 _aa-su---
050 4 _bA88 2011
082 0 4 _a953.122
_qSA-RiAUC
090 _a953.122
_bع ط ا
100 1 _aعطار، ضياء بن محمد بن مقبول
_eمؤلف.
245 1 0 _aتحقيق الأمنية بمنظومة أمراء مدينة خير البرية صلى الله عليه وسلم مع شرحها المقتضب :
_bأول منظومة لأمراء المدينة الشريفة عبر التاريخ /
_cالناظم السيد ضياء بن محمد بن مقبول عطار.
250 _aالطبعة الأولى.
264 1 _aالرياض :
_bمكتبة التوبة،
_c2011
300 _a62 صفحة؛
_c24 سم.
336 _aنص
_btxt
_2rdacontent
_3كتاب
337 _aبدون وسيط
_bn
_2rdamedia
338 _aمجلد
_bnc
_2rdacarrier
651 7 _aالمدينة المنورة
_xملوك وحكام
_2aucsh
651 7 _aالمدينة المنورة
_xتاريخ
_2aucsh
651 7 _aالمدينة المنورة
_vشعر
_2aucsh
942 _2ddc
_cBOOK
_n0
949 _aSA-JeALM
_d250729
_umohamedma123
_n1
999 _c10442
_d10442